Visualizzazione normale
Vista MARC
- Collins Phil
di Personal Name
Records bibliografici associati: 1
001 - CONTROL NUMBER
- control field: 15666
003 - CONTROL NUMBER IDENTIFIER
- control field: IT-RoPau
005 - DATE AND TIME OF LATEST TRANSACTION
- control field: 20140311161510.0
008 - FIXED-LENGTH DATA ELEMENTS
- fixed length control field: 140311|| aca||aabn | a|a d
040 ## - CATALOGING SOURCE
- Original cataloging agency: IT-RoPau
- Transcribing agency: IT-RoPau
100 ## - HEADING--PERSONAL NAME
- Personal name: Collins Phil
- Miscellaneous information: Codice interprete SPICS: 11292
- Relator term: Interprete
670 ## - SOURCE DATA FOUND
- Source citation: Work cat.: (IT-RoPau)100374: Collins Phil 15663, No Jacket Required